000 00581nam a2200181Ia 4500
008 090123s9999 xx 000 0 und d
082 _b34782
100 _aजोशी स्मिता
245 _aउखाण्यांची बरसात
250 _a0
260 _bश्रध्दा प्रकाशन
300 _a24
600 _aजोशी स्मिता
630 _aउखाण्यांची बरसात
700 _aजोशी स्मिता
730 _aउखाण्यांची बरसात
942 _cBOOK
999 _c72847
_d72847